| 000 | 004590000a22001810004500 | ||
|---|---|---|---|
| 003 | MACL | ||
| 005 | 20151023093729.0 | ||
| 008 | 151023b xxu||||| |||| 00| 0 eng d | ||
| 040 |
_aMACL _cMACL |
||
| 041 | _aEnglish | ||
| 082 | _a954/BAN | ||
| 100 |
_aBanerjee, Kalyan Kumar _916241 |
||
| 245 | _aIndian Freedom Movement Revolutionaries in America | ||
| 260 |
_bJijnasa _c1969 _aCalcutta |
||
| 350 | _a10 | ||
| 650 |
_aHistory _916242 |
||
| 942 |
_cBK _k954 _2ddc |
||
| 999 |
_c6820 _d6820 |
||